000 00999nam a22002537a 4500
003 OSt
005 20220209115301.0
008 220117b |||||||| |||| 00| 0 eng d
020 _aT208
040 _cSTCP
041 _aMAL
082 _a894.812
_bSIN-N
100 _aSindhu Sebastian
110 _aGuided by Thomas Scaria
111 _aMahatma Gandhi University Kottayam, Post Graduate and Research Department of Malayalam, St Thomas Colleage Palai
245 _aNavodhana sankalpam :
_bChavara Kuriakose Eliasachante jeevithathilum krithikalilum /
_cby Sindhu sebastian
_hനവോഥാന സങ്കൽപം : ചാവറ കുര്യാക്കോസ് ഏലിയാസച്ചന്റെ ജീവിതത്തിലും കൃതികളിലും
260 _aPala :
_cMay 2019
300 _a293 p.
_bHB
650 _aMalayalam
856 _uhttps://shodhganga.inflibnet.ac.in/handle/10603/290453
942 _cTHE
942 _2ddc
_n0
942 _2ddc
_n0
999 _c75526
_d75526